| 000 | 01214nam a2200325 a 4500 | ||
|---|---|---|---|
| 001 | 000023412 | ||
| 003 | DO-SdBNP | ||
| 005 | 20251104113514.0 | ||
| 008 | 101206s1981 sp ab r 000 0 spa d | ||
| 020 | _a8434419521 | ||
| 040 |
_aDO-SdBNP _bspa _cBNPHU |
||
| 049 | _aBNGR | ||
| 082 |
_a332.49 _bV697ó, 1981 |
||
| 100 | 1 |
_aVilar, Pierre, _d1906-2003. _948236 |
|
| 245 | 1 | 0 |
_aOro y moneda en la historia : _b(1450-1920) / _cPierre Vilar ; traducción del francés de Armando Saéz Buesa y Juana Sabater Borrell ; revisado por Jordi Nadal Oller. |
| 250 | _a5a ed. | ||
| 260 |
_aBarcelona, (España) : _bAriel, _c1981. |
||
| 300 |
_a506 p. : _bil., mapas ; _c20 cm. |
||
| 490 | 1 | _aDemos : Biblioteca de Ciencia Económica | |
| 500 | _aIncluye referencias bibliográficas y notas al pie de las páginas | ||
| 650 | 4 |
_aMoneda _xHistoria _948238 |
|
| 650 | 4 |
_aOro _xHistoria _y1450-1920 _948239 |
|
| 650 | 0 |
_aPolítica monetaria _930588 |
|
| 650 | 0 |
_aHistoria económica _91620 |
|
| 700 | 1 |
_aSáez, Buesa, Armando _etr. _948240 |
|
| 700 | 1 |
_aSabater Borrell, Juana _etr. _948241 |
|
| 700 | 1 |
_aNadal, Jordi (Nadal Oller) _948242 |
|
| 830 | 0 |
_aDemos : Biblioteca de Ciencia Económica _948243 |
|
| 942 |
_2ddc _cLBS1 |
||
| 999 |
_c22909 _d22909 |
||